000 00311nam a2200121Ia 4500
008 240731s9999 xx 000 0 und d
022 _a1469-8498
245 0 _aInternational Journal of Psychotherapy
260 _bRoutledge
856 _uhttps://www.tandfonline.com/loi/cijp20
942 _2ddc
942 _cTFEJ
999 _c77217
_d77217
945 _a1
_bMadushi Gamage
_c1
_dMadushi Gamage